Countries by their Former Flag (Medium) - Statistics

General Stats
  • This quiz has been taken 56 times
  • The average score is 9 of 16
Answer Stats
Picture Answer % Correct
Nepal
93%
Qing Dynasty
87%
Kingdom of Ireland
84%
Union of South Africa
82%
Kingdom of France
78%
Venezuela
69%
Austrian Empire
62%
Spanish Empire
62%
Confederate States
53%
Safavid Dynasty
51%
Kingdom of Egypt
49%
Kingdom of Iraq
44%
Republic of Ararat
44%
Belarus
40%
Kingdom of Jerusalem
27%
Republic of Texas
9%
No matching quizzes found
Score Distribution
Percent of People with Each Score
Percentile by Number Answered
Your Score History
You have not taken this quiz